[Event "RA-2018-0-00567"]
[Site "LSS email"]
[Date "2018.03.08"]
[Round "?"]
[White "Carroll, Patrick"]
[Black "Wernikiewicz, Zbigniew"]
[Result "0-1"]
[WhiteElo "2028"]
[BlackElo "2289"]
[PlyCount "48"]
[EventDate "2018.02.01"]
[EventType "tourn (corr)"]
[EventRounds "6"]
[EventCountry "GER"]
[SourceTitle "Corr 2022"]
[Source "ChessBase"]
[SourceDate "2021.10.24"]
[SourceVersion "1"]
[SourceVersionDate "2021.10.24"]
[SourceQuality "1"]

1. d4 Nf6 2. c4 g6 3. Nc3 Bg7 4. e4 d6 5. Nf3 0-0 6. Be2 e5 7. Be3 Ng4 8. Bg5 f6 9. Bh4 g5 10. Bg3 Nh6 11. h3 exd4 12. Qxd4 f5 13. Qd5+ Kh8 14. Qd2 f4 15. Bh2 Nc6 16. 0-0-0 a5 17. g3 fxg3 18. Bxg3 Nf7 19. a3 a4 20. Kb1 Ra5 21. Qe3 Re8 22. Rd5 Qf6 23. Nd2 Rxd5 24. Nxd5 Qxb2# 0-1

[Event "RB-2017-0-00352"]
[Site "LSS email"]
[Date "2017.11.19"]
[Round "?"]
[White "Herzog, Klaus"]
[Black "Carroll, Patrick"]
[Result "0-1"]
[WhiteElo "1892"]
[BlackElo "1991"]
[PlyCount "82"]
[EventDate "2017.09.28"]
[EventType "tourn (corr)"]
[EventRounds "6"]
[EventCountry "GER"]
[SourceTitle "Corr 2022"]
[Source "ChessBase"]
[SourceDate "2021.10.24"]
[SourceVersion "1"]
[SourceVersionDate "2021.10.24"]
[SourceQuality "1"]

1. e4 e5 2. Nf3 Nc6 3. Nc3 Nf6 4. d4 exd4 5. Nd5 Bc5 6. Bg5 Be7 7. Bf4 d6 8. Nxd4 0-0 9. Nb5 Nxd5 10. exd5 a6 11. Nc3 Ne5 12. Be2 Re8 13. Qd2 Ng6 14. Be3 c5 15. dxc6 bxc6 16. 0-0 d5 17. Na4 Bf5 18. c4 Bd6 19. g3 Bh3 20. Rfe1 Qf6 21. Rad1 Rab8 22. Bd4 Qf5 23. cxd5 Qxd5 24. Bf1 Bxf1 25. Rxf1 Qxa2 26. Qc2 Bf8 27. Nc5 Red8 28. Ne4 Qe6 29. Bc3 Rd5 30. Rfe1 Qd7 31. Nd2 Rd8 32. Qa4 Bc5 33. Qxa6 h5 34. b4 Be7 35. Rb1 Rd3 36. Qc4 Qg4 37. Re4 Qf5 38. Rbe1 Rxd2 39. Bxd2 Rxd2 40. R1e2 Rd7 41. Qxc6 h4 0-1

[Event "RB-2017-0-00351"]
[Site "LSS email"]
[Date "2017.11.09"]
[Round "?"]
[White "Carroll, Patrick"]
[Black "Ilyin, Igor"]
[Result "1-0"]
[WhiteElo "1987"]
[BlackElo "2073"]
[PlyCount "149"]
[EventDate "2017.09.10"]
[EventType "tourn (corr)"]
[EventRounds "6"]
[EventCountry "GER"]
[SourceTitle "Corr 2022"]
[Source "ChessBase"]
[SourceDate "2021.10.24"]
[SourceVersion "1"]
[SourceVersionDate "2021.10.24"]
[SourceQuality "1"]

1. e4 e5 2. Nf3 Nc6 3. Bb5 a6 4. Ba4 Nf6 5. 0-0 Be7 6. Re1 b5 7. Bb3 0-0 8. c3 d5 9. exd5 Nxd5 10. Nxe5 Nxe5 11. Rxe5 c6 12. Re2 Bg4 13. f3 Bh5 14. d4 Bd6 15. Nd2 Nf4 16. Re4 Bg6 17. Nf1 Qf6 18. Bxf4 Bxf4 19. Re1 Rae8 20. g3 Bb8 21. Nd2 c5 22. dxc5 Ba7 23. Ne4 Bxe4 24. fxe4 Bxc5+ 25. Kh1 Re7 26. Qd3 a5 27. Rf1 Qb6 28. a3 a4 29. Ba2 g6 30. Qf3 Kg7 31. Rad1 f6 32. Kg2 Rfe8 33. Bb1 Qc6 34. Rd5 Rf8 35. h4 h5 36. g4 hxg4 37. Qxg4 Rh8 38. Rfd1 Qc8 39. Qxc8 Rxc8 40. Kf3 Re5 41. Rd7+ Kh6 42. R1d5 Rxd5 43. Rxd5 Rc7 44. Bd3 Bxa3 45. bxa3 Rxc3 46. Ke3 Rxa3 47. Rd6 Kg7 48. e5 fxe5 49. Rxg6+ Kh8 50. h5 Rc3 51. Rh6+ Kg8 52. Rb6 a3 53. Rxb5 a2 54. Ra5 e4 55. Kxe4 Rc5 56. Ra8+ Kg7 57. Ra7+ Kf6 58. Ra6+ Ke7 59. Be2 Rc2 60. Ke3 Kf7 61. Ra7+ Kf6 62. Bd3 Rh2 63. Ra6+ Kg5 64. Ra5+ Kh6 65. Be2 Kg7 66. Ra7+ Kh6 67. Rxa2 Kg5 68. Ra5+ Kf6 69. Bg4 Rg2 70. Bf3 Rg8 71. Kf4 Ke7 72. Be4 Rh8 73. Ra7+ Kd6 74. Ra6+ Kc5 75. Ra8 1-0

[Event "RB-2017-0-00351"]
[Site "LSS email"]
[Date "2017.11.08"]
[Round "?"]
[White "Zholob, Anatolij"]
[Black "Carroll, Patrick"]
[Result "1-0"]
[WhiteElo "2025"]
[BlackElo "1987"]
[PlyCount "85"]
[EventDate "2017.09.10"]
[EventType "tourn (corr)"]
[EventRounds "6"]
[EventCountry "GER"]
[SourceTitle "Corr 2022"]
[Source "ChessBase"]
[SourceDate "2021.10.24"]
[SourceVersion "1"]
[SourceVersionDate "2021.10.24"]
[SourceQuality "1"]

1. e4 e5 2. Nf3 Nc6 3. Bb5 a6 4. Ba4 Nf6 5. 0-0 Be7 6. Re1 b5 7. Bb3 Bb7 8. d4 Nxd4 9. Bxf7+ Kf8 10. Bd5 c6 11. Bb3 Nxb3 12. axb3 Qc7 13. c4 Kf7 14. Bd2 Rhe8 15. Ba5 Qb8 16. Qc2 c5 17. b4 cxb4 18. Nbd2 Rc8 19. Qb3 Kg8 20. cxb5+ d5 21. Bxb4 Bxb4 22. Qxb4 dxe4 23. bxa6 Bxa6 24. Qxb8 Rcxb8 25. Nxe5 Rb7 26. b3 Rbb8 27. h3 Bd3 28. Rxa8 Rxa8 29. f3 Bc2 30. fxe4 Re8 31. Nec4 Nxe4 32. b4 Kf8 33. Nxe4 Rxe4 34. Rxe4 Bxe4 35. b5 Ke7 36. b6 g6 37. Na5 Kd7 38. Kf2 g5 39. Nb3 Kc6 40. b7 Kc7 41. Nc5 Bc6 42. Ne6+ Kb8 43. Nxg5 1-0

[Event "RB-2017-0-00350"]
[Site "LSS email"]
[Date "2017.10.29"]
[Round "?"]
[White "Carroll, Patrick"]
[Black "Koronowski, Heinz Juergen"]
[Result "1-0"]
[WhiteElo "1987"]
[BlackElo "2027"]
[PlyCount "49"]
[EventDate "2017.09.01"]
[EventType "tourn (corr)"]
[EventRounds "6"]
[EventCountry "GER"]
[SourceTitle "Corr 2022"]
[Source "ChessBase"]
[SourceDate "2021.10.24"]
[SourceVersion "1"]
[SourceVersionDate "2021.10.24"]
[SourceQuality "1"]

1. e4 e5 2. Nf3 Nf6 3. d4 Nxe4 4. Bd3 d5 5. Nxe5 Nd7 6. Nxd7 Bxd7 7. 0-0 Bd6 8. Qh5 Nf6 9. Re1+ Kf8 10. Qe2 Ng4 11. h3 Qh4 12. Qf3 Nf6 13. Nc3 c6 14. Ne2 Ne8 15. Bf4 g6 16. c4 dxc4 17. Bxc4 Bxf4 18. Nxf4 Nd6 19. g3 Qd8 20. Be6 Kg7 21. d5 Re8 22. Rad1 Re7 23. Re5 cxd5 24. Rexd5 fxe6 25. Rxd6 1-0

[Event "SB-2017-0-00514"]
[Site "LSS email"]
[Date "2017.10.21"]
[Round "?"]
[White "Degn, Bruci"]
[Black "Carroll, Patrick"]
[Result "1/2-1/2"]
[WhiteElo "1829"]
[BlackElo "2007"]
[PlyCount "63"]
[EventDate "2017.08.30"]
[EventType "tourn (corr)"]
[EventRounds "6"]
[EventCountry "GER"]
[SourceTitle "Corr 2022"]
[Source "ChessBase"]
[SourceDate "2021.10.24"]
[SourceVersion "1"]
[SourceVersionDate "2021.10.24"]
[SourceQuality "1"]

1. Nf3 c5 2. g3 Nf6 3. Bg2 Nc6 4. 0-0 d5 5. d4 e6 6. c4 dxc4 7. dxc5 Qxd1 8. Rxd1 Bxc5 9. Nbd2 c3 10. bxc3 0-0 11. Nb3 Be7 12. c4 Bd7 13. Bb2 Rfd8 14. Nfd4 Nxd4 15. Bxd4 Rac8 16. Bxa7 Rxc4 17. Bxb7 Rc7 18. Na5 Be8 19. Rxd8 Bxd8 20. Bb6 Rxb7 21. Bxd8 Rb2 22. Bxf6 gxf6 23. e3 Kf8 24. Nb3 f5 25. Nc5 Rc2 26. Nd3 Ba4 27. a3 Rc3 28. Nb4 Rb3 29. Kf1 Ke7 30. Ke2 Rb2+ 31. Kf3 Kf6 32. Kg2 1/2-1/2

[Event "CP-2017-P-00003"]
[Site "LSS email"]
[Date "2017.09.27"]
[Round "?"]
[White "Carroll, Patrick"]
[Black "Husemann, Andreas"]
[Result "1/2-1/2"]
[WhiteElo "1991"]
[BlackElo "2189"]
[PlyCount "124"]
[EventDate "2017.10.01"]
[EventType "tourn (corr)"]
[EventRounds "6"]
[EventCountry "GER"]
[SourceTitle "Corr 2022"]
[Source "ChessBase"]
[SourceDate "2021.10.24"]
[SourceVersion "1"]
[SourceVersionDate "2021.10.24"]
[SourceQuality "1"]

1. e4 c5 2. Nf3 Nc6 3. d4 cxd4 4. Nxd4 Nf6 5. Nc3 e5 6. Ndb5 d6 7. Bg5 a6 8. Bxf6 gxf6 9. Na3 b5 10. Nd5 f5 11. Bd3 Be6 12. 0-0 Bxd5 13. exd5 Ne7 14. c3 Bg7 15. Nc2 0-0 16. a4 e4 17. Be2 bxa4 18. Rxa4 Qb6 19. Ra2 f4 20. Qd2 Be5 21. Rfa1 Kh8 22. Bf1 f3 23. Qe3 Qd8 24. g3 f5 25. Rxa6 Rxa6 26. Rxa6 Nxd5 27. Qh6 Qf6 28. Qxf6+ Nxf6 29. Rc6 Rb8 30. Ne3 f4 31. Nf5 h6 32. b4 Nd5 33. gxf4 Nxf4 34. Nxd6 Ne2+ 35. Kh1 Ra8 36. Rc8+ Rxc8 37. Nxc8 Nxc3 38. Ba6 Bd4 39. Kg1 Nd1 40. Kf1 Nxf2 41. Nd6 Ng4 42. Nxe4 Nxh2+ 43. Ke1 Kg7 44. b5 Kg6 45. Bc8 Kh5 46. Be6 Bb6 47. Bc8 Kh4 48. Bd7 h5 49. Bc8 Ng4 50. Kf1 Kh3 51. Be6 Kh2 52. Bf7 h4 53. Be6 Ne5 54. Bf5 Nc4 55. Be6 Ne3+ 56. Kf2 Nf5+ 57. Kxf3 Nd4+ 58. Kg4 Nxe6 59. Kxh4 Nd4 60. Kg4 Nxb5 61. Kf3 Nd4+ 62. Kf4 Kg2 1/2-1/2

[Event "RB-2017-0-00345"]
[Site "LSS email"]
[Date "2017.08.22"]
[Round "?"]
[White "Carroll, Patrick"]
[Black "Alexandre Bisquert, Francisco"]
[Result "1/2-1/2"]
[WhiteElo "2017"]
[BlackElo "1988"]
[PlyCount "127"]
[EventDate "2017.07.05"]
[EventType "tourn (corr)"]
[EventRounds "6"]
[EventCountry "GER"]
[SourceTitle "Corr 2022"]
[Source "ChessBase"]
[SourceDate "2021.10.24"]
[SourceVersion "1"]
[SourceVersionDate "2021.10.24"]
[SourceQuality "1"]

1. d4 Nf6 2. c4 e6 3. Nf3 b6 4. g3 Bb7 5. Bg2 Bb4+ 6. Bd2 Bxd2+ 7. Qxd2 0-0 8. 0-0 d6 9. Nc3 Nbd7 10. Nh4 Bxg2 11. Kxg2 a6 12. Nf3 Qb8 13. Qd3 c6 14. Rac1 h6 15. b3 b5 16. Rfd1 Qb7 17. e4 b4 18. Na4 c5 19. Re1 Rad8 20. Rcd1 Rfe8 21. Qe3 cxd4 22. Qxd4 Nc5 23. e5 Nxa4 24. exf6 Nc3 25. Qg4 g6 26. Rd4 Kh7 27. Qh3 g5 28. Qh5 Rg8 29. c5 g4 30. Rxg4 dxc5 31. Rxg8 Rxg8 32. Qxc5 Nd5 33. Qc2+ Kh8 34. Qd2 Rg6 35. Kg1 Rxf6 36. Ne5 Qc7 37. Ng4 Rg6 38. Nxh6 Kh7 39. Nf5 Qc3 40. Rd1 Qxd2 41. Rxd2 Rg8 42. h4 Rc8 43. Nd6 Rc1+ 44. Kg2 Kg6 45. g4 Kg7 46. h5 Ra1 47. Ne4 Re1 48. f3 Kh6 49. Nc5 Rc1 50. Nd3 Ra1 51. Ne5 Kg7 52. Kh2 Rc1 53. Nd3 Rf1 54. Kg2 Ne3+ 55. Kg3 Ra1 56. Kf4 Nd5+ 57. Ke5 Rf1 58. Rf2 Rd1 59. Nc5 Nc7 60. Ne4 Rh1 61. Kd6 Nd5 62. Nc5 Kf6 63. Nxa6 Kg5 64. Rd2 1/2-1/2

[Event "RB-2017-0-00345"]
[Site "LSS email"]
[Date "2017.08.21"]
[Round "?"]
[White "Carroll, Patrick"]
[Black "Kolanek, Sylwia"]
[Result "1-0"]
[WhiteElo "2017"]
[BlackElo "1995"]
[PlyCount "99"]
[EventDate "2017.07.05"]
[EventType "tourn (corr)"]
[EventRounds "6"]
[EventCountry "GER"]
[SourceTitle "Corr 2022"]
[Source "ChessBase"]
[SourceDate "2021.10.24"]
[SourceVersion "1"]
[SourceVersionDate "2021.10.24"]
[SourceQuality "1"]

1. e4 e5 2. Nf3 Nf6 3. Nxe5 d6 4. Nf3 Nxe4 5. d4 d5 6. Bd3 Bd6 7. 0-0 0-0 8. c4 c6 9. Re1 Bf5 10. Qb3 Na6 11. cxd5 Nec5 12. dxc5 Nxc5 13. Bxf5 Nxb3 14. axb3 Bb4 15. Rd1 Bc5 16. Nc3 Qb6 17. Ne4 Qxb3 18. Bg5 Bb4 19. d6 h6 20. Be3 Rfd8 21. Ne5 a5 22. Rd3 Qc2 23. Bd4 Rxd6 24. Nxd6 Bxd6 25. Nxf7 Kxf7 26. Bc3 b5 27. Re1 Qxd3 28. Bxd3 a4 29. Be4 b4 30. Bxc6 Rd8 31. Bd5+ Kf8 32. Bd2 a3 33. bxa3 bxa3 34. h3 Be7 35. Re5 Rb8 36. Rf5+ Ke8 37. Bf7+ Kd7 38. Rd5+ Kc6 39. Ra5 Rb1+ 40. Kh2 Bd6+ 41. g3 Bc5 42. Be3 Bxe3 43. fxe3 Ra1 44. e4 Kb6 45. Ra8 Kb7 46. Ra4 Kc7 47. e5 Kd7 48. Ra7+ Kd8 49. Bb3 Kc8 50. e6 1-0

[Event "RB-2017-0-00345"]
[Site "LSS email"]
[Date "2017.08.21"]
[Round "?"]
[White "Langheld, Werner"]
[Black "Carroll, Patrick"]
[Result "1/2-1/2"]
[WhiteElo "1987"]
[BlackElo "2017"]
[PlyCount "69"]
[EventDate "2017.07.05"]
[EventType "tourn (corr)"]
[EventRounds "6"]
[EventCountry "GER"]
[SourceTitle "Corr 2022"]
[Source "ChessBase"]
[SourceDate "2021.10.24"]
[SourceVersion "1"]
[SourceVersionDate "2021.10.24"]
[SourceQuality "1"]

1. d4 Nf6 2. g4 Nxg4 3. e4 d5 4. Be2 Nf6 5. e5 Nfd7 6. Nf3 e6 7. Bg5 Be7 8. Rg1 Bxg5 9. Rxg5 0-0 10. Nc3 c5 11. dxc5 f6 12. exf6 Qxf6 13. Qd2 Nc6 14. 0-0-0 Qf4 15. Rdg1 Qxd2+ 16. Kxd2 g6 17. h4 Nxc5 18. h5 Kg7 19. hxg6 h6 20. Rh5 Rf6 21. Nh4 b6 22. f3 Ba6 23. Bxa6 Nxa6 24. Ne2 Nc5 25. b3 Raf8 26. c3 Nd7 27. Ng3 Ne7 28. c4 dxc4 29. Rb5 Kg8 30. Nh5 Rd8 31. Nxf6+ Nxf6+ 32. Kc1 Rd4 33. Ng2 Nfd5 34. bxc4 Rxc4+ 35. Kd2 1/2-1/2

[Event "RB-2017-0-00344"]
[Site "LSS email"]
[Date "2017.07.29"]
[Round "?"]
[White "Kolanek, Sylwia"]
[Black "Carroll, Patrick"]
[Result "1-0"]
[WhiteElo "1982"]
[BlackElo "2008"]
[PlyCount "95"]
[EventDate "2017.06.14"]
[EventType "tourn (corr)"]
[EventRounds "6"]
[EventCountry "GER"]
[SourceTitle "Corr 2022"]
[Source "ChessBase"]
[SourceDate "2021.10.24"]
[SourceVersion "1"]
[SourceVersionDate "2021.10.24"]
[SourceQuality "1"]

1. d4 Nf6 2. c4 e6 3. Nc3 Bb4 4. Qc2 0-0 5. e3 c5 6. dxc5 Bxc5 7. Nf3 d5 8. a3 Nc6 9. b4 Bd6 10. Bb2 Bd7 11. c5 Be7 12. Rd1 a5 13. b5 Na7 14. Ng5 h6 15. h4 Re8 16. b6 Nc6 17. Nb5 hxg5 18. hxg5 Ne4 19. Bd3 f5 20. gxf6 Bxf6 21. Bxe4 dxe4 22. Bxf6 Qxf6 23. Rxd7 Ne5 24. Rd2 Nd3+ 25. Rxd3 exd3 26. Qxd3 Qa1+ 27. Qd1 Qb2 28. Nd6 Red8 29. Rh5 Qxa3 30. Qc2 Rxd6 31. cxd6 Qb4+ 32. Kf1 Qxd6 33. Kg1 Kf7 34. Rh4 Rd8 35. Qh7 e5 36. Rh5 Qd1+ 37. Kh2 Rd6 38. Qf5+ Rf6 39. Qxe5 Qd7 40. Qc7 Qxc7+ 41. bxc7 Rc6 42. Rxa5 Rxc7 43. Kg3 Ke6 44. f4 b6 45. Rb5 Rb7 46. f5+ Kd6 47. e4 Kc6 48. Rb2 1-0

[Event "RB-2017-0-00341"]
[Site "LSS email"]
[Date "2017.07.06"]
[Round "?"]
[White "Pilgram, Kurt"]
[Black "Carroll, Patrick"]
[Result "1/2-1/2"]
[WhiteElo "2047"]
[BlackElo "1951"]
[PlyCount "43"]
[EventDate "2017.03.30"]
[EventType "tourn (corr)"]
[EventRounds "6"]
[EventCountry "GER"]
[SourceTitle "Corr 2022"]
[Source "ChessBase"]
[SourceDate "2021.10.24"]
[SourceVersion "1"]
[SourceVersionDate "2021.10.24"]
[SourceQuality "1"]

1. Nf3 Nf6 2. g3 d5 3. Bg2 e6 4. 0-0 Be7 5. c4 d4 6. e3 c5 7. a3 a5 8. exd4 cxd4 9. b4 axb4 10. Bb2 Nc6 11. axb4 Rxa1 12. Bxa1 Nxb4 13. Bxd4 Nc6 14. Be3 Ng4 15. Nc3 Nxe3 16. fxe3 0-0 17. d4 Na5 18. Qd3 b6 19. Ne5 Bd6 20. Nc6 Nxc6 21. Bxc6 Qc7 22. Bf3 1/2-1/2

[Event "RB-2017-0-00338"]
[Site "LSS email"]
[Date "2017.05.04"]
[Round "?"]
[White "Carroll, Patrick"]
[Black "Herzog, Klaus"]
[Result "1-0"]
[WhiteElo "1957"]
[BlackElo "1819"]
[PlyCount "97"]
[EventDate "2017.02.03"]
[EventType "tourn (corr)"]
[EventRounds "6"]
[EventCountry "GER"]
[SourceTitle "Corr 2022"]
[Source "ChessBase"]
[SourceDate "2021.10.24"]
[SourceVersion "1"]
[SourceVersionDate "2021.10.24"]
[SourceQuality "1"]

1. e4 e5 2. Nf3 Nc6 3. Bb5 Nf6 4. 0-0 Nxe4 5. d4 Nd6 6. Bxc6 dxc6 7. dxe5 Nf5 8. Qxd8+ Kxd8 9. Nc3 Ke8 10. Rd1 Ne7 11. h3 Ng6 12. Be3 Be7 13. Re1 b6 14. Rad1 Bb4 15. Bd2 Bxc3 16. Bxc3 c5 17. a3 a5 18. Kh2 Nf4 19. Rd2 Ne6 20. Nh4 h5 21. f3 g6 22. Rf2 Bb7 23. f4 Rd8 24. f5 gxf5 25. Nxf5 Rg8 26. Ng3 Rg5 27. Ref1 h4 28. Nf5 Rh5 29. Ne3 Rh7 30. Ng4 Ke7 31. b4 a4 32. bxc5 bxc5 33. Bd2 Rg7 34. Be3 Bc6 35. Rg1 Nd4 36. Re1 Bd7 37. e6 Bxe6 38. Bf4 Nb5 39. Be5 Rg6 40. Bf6+ Rxf6 41. Nxf6 Nxa3 42. Ne4 Rd4 43. Nxc5 Nb5 44. Nxe6 fxe6 45. Rfe2 a3 46. Rxe6+ Kd7 47. Ra6 Rc4 48. Re5 c6 49. Rg5 1-0

[Event "RB-2017-0-00338"]
[Site "LSS email"]
[Date "2017.05.02"]
[Round "?"]
[White "Nowak, Ireneusz"]
[Black "Carroll, Patrick"]
[Result "1/2-1/2"]
[WhiteElo "2093"]
[BlackElo "1957"]
[PlyCount "56"]
[EventDate "2017.02.03"]
[EventType "tourn (corr)"]
[EventRounds "6"]
[EventCountry "GER"]
[SourceTitle "Corr 2022"]
[Source "ChessBase"]
[SourceDate "2021.10.24"]
[SourceVersion "1"]
[SourceVersionDate "2021.10.24"]
[SourceQuality "1"]

1. e4 e5 2. Nf3 Nc6 3. Bc4 Bc5 4. c3 Nf6 5. d4 exd4 6. cxd4 Bb4+ 7. Bd2 Nxe4 8. Bxb4 Nxb4 9. Bxf7+ Kxf7 10. Qb3+ d5 11. Ne5+ Ke6 12. Qxb4 Qf8 13. Qxf8 Rxf8 14. f3 Ng5 15. Kf2 Kd6 16. Nc3 c6 17. Rad1 Bd7 18. Ne2 Nf7 19. Nxf7+ Rxf7 20. h4 Bf5 21. Rde1 a5 22. Nc3 Raf8 23. Re2 Bd7 24. Re3 Rf6 25. g3 h6 26. Kg2 Re6 27. Rxe6+ Bxe6 28. h5 b6 1/2-1/2

[Event "RB-2017-0-00335"]
[Site "LSS email"]
[Date "2017.03.03"]
[Round "?"]
[White "Carroll, Patrick"]
[Black "Eichner, Dieter"]
[Result "1-0"]
[WhiteElo "1954"]
[BlackElo "2070"]
[PlyCount "81"]
[EventDate "2016.12.29"]
[EventType "tourn (corr)"]
[EventRounds "6"]
[EventCountry "GER"]
[SourceTitle "Corr 2022"]
[Source "ChessBase"]
[SourceDate "2021.10.24"]
[SourceVersion "1"]
[SourceVersionDate "2021.10.24"]
[SourceQuality "1"]

1. d4 d5 2. Nf3 e6 3. c4 c6 4. Nc3 Nf6 5. Bg5 dxc4 6. e4 b5 7. e5 h6 8. Bh4 g5 9. Nxg5 hxg5 10. Bxg5 Nbd7 11. exf6 Bb7 12. Be2 Qb6 13. Qc2 Qxd4 14. Rd1 Qe5 15. h4 0-0-0 16. Qe4 Bd6 17. Qxe5 Bxe5 18. f4 Bc7 19. Ne4 Nb6 20. Rxd8+ Kxd8 21. h5 Nd5 22. h6 Nxf4 23. Bf3 c5 24. h7 Nd3+ 25. Ke2 Bxe4 26. Bxe4 Be5 27. Rf1 Nxb2 28. Bh6 Na4 29. Bg7 Nc3+ 30. Ke3 Bd4+ 31. Kf4 Rxh7 32. Bxh7 Nd5+ 33. Kg5 b4 34. Bg6 Ke8 35. Bc2 Be5 36. Rh1 Bf4+ 37. Kg4 Be5 38. Ba4+ Kd8 39. Rh8+ Kc7 40. Rf8 Bxf6 41. Rxf7+ 1-0

[Event "SB-2017-0-00486"]
[Site "LSS email"]
[Date "2017.02.14"]
[Round "?"]
[White "Carroll, Patrick"]
[Black "Paetzold, Ortwin"]
[Result "0-1"]
[WhiteElo "1954"]
[BlackElo "1928"]
[PlyCount "26"]
[EventDate "2017.01.03"]
[EventType "tourn (corr)"]
[EventRounds "6"]
[EventCountry "GER"]
[SourceTitle "Corr 2022"]
[Source "ChessBase"]
[SourceDate "2021.10.24"]
[SourceVersion "1"]
[SourceVersionDate "2021.10.24"]
[SourceQuality "1"]

1. e4 c5 2. Nf3 d6 3. d4 cxd4 4. Nxd4 Nf6 5. Nc3 a6 6. Be3 e5 7. Nb3 Be7 8. f3 Be6 9. Qd2 0-0 10. a3 Nbd7 11. 0-0-0 Qc7 12. g4 Nc5 13. Nd5 Nxb3+ 0-1

[Event "RB-2017-0-00332"]
[Site "LSS email"]
[Date "2017.01.11"]
[Round "?"]
[White "Benassi, Aspasio"]
[Black "Carroll, Patrick"]
[Result "1-0"]
[WhiteElo "1976"]
[BlackElo "1987"]
[PlyCount "49"]
[EventDate "2016.11.15"]
[EventType "tourn (corr)"]
[EventRounds "6"]
[EventCountry "GER"]
[SourceTitle "Corr 2022"]
[Source "ChessBase"]
[SourceDate "2021.10.24"]
[SourceVersion "1"]
[SourceVersionDate "2021.10.24"]
[SourceQuality "1"]

1. e4 c5 2. Nf3 d6 3. d4 cxd4 4. Nxd4 Nf6 5. Nc3 a6 6. Nb3 g6 7. Be3 Bg7 8. Qd2 Nc6 9. f3 Be6 10. 0-0-0 0-0 11. Kb1 b5 12. h4 Rc8 13. h5 Nxh5 14. Bh6 Bxc3 15. Qxc3 Ne5 16. Qe1 Bxb3 17. cxb3 Re8 18. Be2 Nf6 19. f4 Neg4 20. Bxg4 Nxg4 21. Qh4 Qd7 22. f5 Nf6 23. g4 Nxe4 24. Ka1 f6 25. fxg6 1-0

[Event "RB-2017-0-00332"]
[Site "LSS email"]
[Date "2017.01.11"]
[Round "?"]
[White "Carroll, Patrick"]
[Black "Hatsek, Werner"]
[Result "1-0"]
[WhiteElo "1987"]
[BlackElo "2003"]
[PlyCount "159"]
[EventDate "2016.11.15"]
[EventType "tourn (corr)"]
[EventRounds "6"]
[EventCountry "GER"]
[SourceTitle "Corr 2022"]
[Source "ChessBase"]
[SourceDate "2021.10.24"]
[SourceVersion "1"]
[SourceVersionDate "2021.10.24"]
[SourceQuality "1"]

1. e4 c5 2. Nf3 d6 3. d4 cxd4 4. Nxd4 Nf6 5. Nc3 g6 6. f3 Bg7 7. Be3 0-0 8. Qd2 Nc6 9. g4 Be6 10. Nxe6 fxe6 11. 0-0-0 Ne5 12. Be2 Qc8 13. Rhe1 b5 14. Nxb5 Nc4 15. Qd3 Nxb2 16. Kxb2 Nxg4+ 17. c3 Nxe3 18. Qxe3 Rb8 19. Kc2 Qc6 20. Rb1 a6 21. Nd4 Qa4+ 22. Kd3 Rbc8 23. Rb4 Qxa2 24. Bd1 a5 25. Ra4 Qb2 26. Qd2 Qb6 27. Ke2 Kh8 28. Ra2 Bf6 29. Qd3 e5 30. Nb5 Bh4 31. Rf1 Rb8 32. c4 Rf4 33. Rc2 Bg5 34. Rf2 Rh4 35. Nc3 Qc5 36. Rg2 Bh6 37. Na4 Qc6 38. Rc3 Bf4 39. c5 Bxh2 40. cxd6 Qxd6 41. Qxd6 exd6 42. Rc6 Rb4 43. Rxd6 Bf4 44. Kd3 Rh1 45. Nc3 Kg7 46. Rd7+ Kh6 47. Kc2 a4 48. Ne2 Be3 49. Kc3 Bc5 50. Rd5 Bf8 51. Rd3 Re1 52. Rh2+ Kg5 53. Rxh7 Rb1 54. Kc2 Rbxd1 55. Rxd1 Rxe2+ 56. Kd3 Rg2 57. Ra1 a3 58. Rb7 Kf6 59. Rb8 Bc5 60. Rb5 Bd6 61. Rb6 Ke7 62. Rh1 Rf2 63. Rh3 Ke6 64. Ra6 Rf1 65. Ke2 Rg1 66. Kf2 Rc1 67. Rh6 a2 68. Rxa2 Kf6 69. Ra6 Kg5 70. Rh8 Bc5+ 71. Ke2 Rg1 72. Rg8 Kh6 73. Kd3 Kh7 74. Re8 Bd4 75. f4 Rg3+ 76. Kc4 Rc3+ 77. Kd5 Rc5+ 78. Kd6 exf4 79. Ra4 Bf2 80. e5 1-0

[Event "RB-2016-0-00330"]
[Site "LSS email"]
[Date "2016.12.21"]
[Round "?"]
[White "Koronowski, Heinz Juergen"]
[Black "Carroll, Patrick"]
[Result "1-0"]
[WhiteElo "2003"]
[BlackElo "2003"]
[PlyCount "89"]
[EventDate "2016.10.22"]
[EventType "tourn (corr)"]
[EventRounds "6"]
[EventCountry "GER"]
[SourceTitle "Corr 2022"]
[Source "ChessBase"]
[SourceDate "2021.10.24"]
[SourceVersion "1"]
[SourceVersionDate "2021.10.24"]
[SourceQuality "1"]

1. e4 c5 2. Nc3 d6 3. f4 Nc6 4. Nf3 g6 5. Bc4 Bg7 6. 0-0 e6 7. d3 Nge7 8. Qe1 0-0 9. f5 gxf5 10. Qg3 fxe4 11. dxe4 Ng6 12. Bg5 Qb6 13. Rab1 Nd4 14. Kh1 Bd7 15. h4 Qb4 16. Nd2 f6 17. h5 fxg5 18. hxg6 Qb6 19. gxh7+ Kh8 20. Ne2 Bf6 21. Nxd4 cxd4 22. Nf3 Qc7 23. e5 dxe5 24. Bd3 Bc6 25. Rbe1 Bxf3 26. Rxf3 Qg7 27. Qg4 Qe7 28. Ref1 Rab8 29. g3 Bg7 30. Kg2 Rxf3 31. Rxf3 Bf6 32. Qe4 a6 33. a4 a5 34. Kh3 Ra8 35. Kg4 Rd8 36. Qe2 Kg7 37. Qe1 b6 38. Rf2 Kh8 39. Qh1 Rc8 40. Qf3 Kg7 41. Qh1 Kh8 42. Qe4 Rb8 43. Qc6 Bg7 44. Bg6 Bf6 45. Be4 1-0

[Event "RB-2016-0-00330"]
[Site "LSS email"]
[Date "2016.12.21"]
[Round "?"]
[White "Vorobjev, Albert"]
[Black "Carroll, Patrick"]
[Result "1/2-1/2"]
[WhiteElo "2028"]
[BlackElo "2003"]
[PlyCount "50"]
[EventDate "2016.10.22"]
[EventType "tourn (corr)"]
[EventRounds "6"]
[EventCountry "GER"]
[SourceTitle "Corr 2022"]
[Source "ChessBase"]
[SourceDate "2021.10.24"]
[SourceVersion "1"]
[SourceVersionDate "2021.10.24"]
[SourceQuality "1"]

1. d4 Nf6 2. c4 e6 3. g3 d5 4. Nf3 Bb4+ 5. Bd2 Be7 6. Bg2 0-0 7. 0-0 c6 8. Qc2 Nbd7 9. Bf4 b6 10. Rd1 Ba6 11. cxd5 cxd5 12. Ne5 Nxe5 13. dxe5 Ng4 14. h3 Rc8 15. Nc3 Nxf2 16. Kxf2 Bc5+ 17. Be3 Bxe3+ 18. Kxe3 b5 19. Qd3 Qb6+ 20. Qd4 Qb8 21. Kf2 b4 22. Nxd5 exd5 23. Bxd5 Rce8 24. e4 Rxe5 25. Kg2 Rg5 1/2-1/2